[Event "2014 US Junior Closed Championship"]
[Site "Saint Louis"]
[Date "2014.06.20"]
[Round "1.1"]
[White "Xiong, Jeffery (USA)"]
[Black "Ostrovskiy, Aleksandr (USA)"]
[Result "1-0"]
[WhiteElo "2513"]
[BlackElo "2521"]
[PlyCount "71"]
[EventDate "2014.??.??"]

1. e4 c6 2. d4 d5 3. e5 c5 4. dxc5 e6 5. a3 Nc6 6. Nf3 Bxc5 7. b4 Bb6 8. Bd3 f6
9. Bb2 fxe5 10. b5 Nd4 11. Nxd4 exd4 12. Qh5+ Kf8 13. Nd2 Qc7 14. f4 Nf6 15.
Qe5 Qxe5+ 16. fxe5 Ng4 17. O-O+ Ke7 18. Rae1 Ba5 19. Re2 Bc3 20. Bc1 Bd7 21.
Nb1 Ba5 22. Bg5+ Ke8 23. Rf4 Ne3 24. Nd2 Rc8 25. Nb3 Bd8 26. Bxd8 Kxd8 27. Nxd4
Nc4 28. Rf7 Nxa3 29. Rxg7 Re8 30. Rxh7 Re7 31. Rh8+ Kc7 32. Rxc8+ Bxc8 33. h4
a5 34. bxa6 bxa6 35. h5 a5 36. h6 1-0

[Event "2014 US Junior Closed Championship"]
[Site "Saint Louis"]
[Date "2014.06.20"]
[Round "1.2"]
[White "Colas, Joshua (USA)"]
[Black "Harmon-Vellotti, Luke (USA)"]
[Result "1-0"]
[WhiteElo "2426"]
[BlackElo "2515"]
[PlyCount "75"]
[EventDate "2014.??.??"]

1. Nf3 Nf6 2. d4 e6 3. Bf4 b6 4. e3 Bb7 5. Nbd2 Be7 6. h3 O-O 7. Bd3 d5 8. O-O
Nbd7 9. c3 c5 10. Ne5 Qc8 11. Rc1 Rd8 12. Qe2 Ne4 13. Nxd7 Rxd7 14. Nxe4 dxe4
15. Bb5 Rd8 16. dxc5 Qxc5 17. Rfd1 a6 18. Rxd8+ Rxd8 19. Bxa6 Bxa6 20. Qxa6 Qc6
21. c4 Ra8 22. Qb5 Qxb5 23. cxb5 f6 24. a3 e5 25. Bg3 Bc5 26. Rc4 Rd8 27. Rxe4
Rd1+ 28. Kh2 Rb1 29. b4 Bf8 30. f4 Rb3 31. fxe5 f5 32. Rc4 Rxa3 33. Bf4 Ra8 34.
Rc6 Bxb4 35. Rxb6 Kf8 36. e6 Ke7 37. Rc6 Ra7 38. Bg5+ 1-0

[Event "2014 US Junior Closed Championship"]
[Site "Saint Louis"]
[Date "2014.06.20"]
[Round "1.3"]
[White "Larson, Matt (USA)"]
[Black "Bodek, Michael (USA)"]
[Result "0-1"]
[WhiteElo "2215"]
[BlackElo "2486"]
[PlyCount "92"]
[EventDate "2014.??.??"]

1. d4 Nf6 2. c4 e6 3. g3 d5 4. Nf3 Nc6 5. Bg2 dxc4 6. Qa4 Bb4+ 7. Bd2 Bd6 8.
O-O O-O 9. Qxc4 e5 10. dxe5 Nxe5 11. Nxe5 Bxe5 12. Bc3 Qe7 13. Bxe5 Qxe5 14.
Nc3 c6 15. Rad1 Be6 16. Qb4 Rab8 17. Qh4 Rfc8 18. h3 b5 19. Rd2 b4 20. Ne4 Nxe4
21. Bxe4 g6 22. Bb1 c5 23. e4 c4 24. f4 Qc5+ 25. Rdf2 c3 26. b3 Bd7 27. f5 Bb5
28. Rd1 Qb6 29. Kg2 Rf8 30. f6 Qe3 31. Rd5 Rfd8 32. Rf3 Qc1 33. Rf4 Rxd5 34.
exd5 Re8 35. Be4 c2 36. Rf2 Qf1+ 37. Rxf1 Bxf1+ 38. Kxf1 c1=Q+ 39. Kf2 Qd2+ 40.
Kf3 Qd1+ 41. Kf2 Qd2+ 42. Kf3 Rc8 43. Qf4 Rc3+ 44. Kg4 Qe2+ 45. Bf3 h5+ 46. Kh4
Qxf3 0-1

[Event "2014 US Junior Closed Championship"]
[Site "Saint Louis"]
[Date "2014.06.20"]
[Round "1.4"]
[White "Shen, Arthur (USA)"]
[Black "Troff, Kayden (USA)"]
[Result "0-1"]
[WhiteElo "2458"]
[BlackElo "2573"]
[PlyCount "86"]
[EventDate "2014.??.??"]

1. d4 Nf6 2. c4 g6 3. Nc3 d5 4. cxd5 Nxd5 5. e4 Nxc3 6. bxc3 Bg7 7. Bb5+ c6 8.
Ba4 a5 9. Ne2 b5 10. Bb3 O-O 11. O-O a4 12. Bc2 Na6 13. Ba3 Qc7 14. f4 Bg4 15.
Bd3 c5 16. Bxb5 cxd4 17. h3 Qb6 18. hxg4 dxc3+ 19. Kh2 Qxb5 20. e5 Rac8 21. Rc1
Qa5 22. Bxe7 Rfe8 23. Qd7 Bxe5 24. Ng3 Qc7 25. Qxc7 Bxc7 26. Bf6 Ba5 27. a3 Re6
28. g5 Nc5 29. Rc2 Nd7 30. Bd4 Rc4 31. f5 Rd6 32. Be3 Rh4+ 33. Kg1 Rd3 34. Re1
Bc7 35. Kf2 Bxg3+ 36. Kxg3 Re4 37. Kf2 gxf5 38. Ba7 Ne5 39. Bb6 Nc4 40. Bc5
Rd2+ 41. Rxd2 cxd2 42. Rd1 Kg7 43. Bb4 Kg6 0-1

[Event "2014 US Junior Closed Championship"]
[Site "Saint Louis"]
[Date "2014.06.20"]
[Round "1.5"]
[White "Sevian, Sam (USA)"]
[Black "Williams, Justus (USA)"]
[Result "0-1"]
[WhiteElo "2545"]
[BlackElo "2366"]
[PlyCount "72"]
[EventDate "2014.??.??"]

1. e4 c5 2. Nf3 d6 3. Bc4 e6 4. O-O Nf6 5. Re1 Be7 6. Bf1 Nc6 7. c3 d5 8. e5
Nd7 9. d4 O-O 10. Bd3 cxd4 11. cxd4 f6 12. exf6 Rxf6 13. Nc3 h6 14. Ne5 Nxd4
15. Ng4 Nc6 16. Nxf6+ Nxf6 17. Bf4 Bc5 18. Bb5 Qb6 19. Bg3 d4 20. Bxc6 dxc3 21.
Ba4 cxb2 22. Rb1 Bd4 23. Qe2 Nd5 24. Qh5 Nf6 25. Qg6 Qb4 26. Bb3 Bd7 27. h3 Qc3
28. Bf4 Kh8 29. Be3 Be5 30. Bd2 Qxd2 31. Rxe5 Rc8 32. Kh2 Rc1 33. a4 Qf4+ 34.
Qg3 Qxg3+ 35. fxg3 Rxb1 36. Re2 Rh1+ 0-1

[Event "2014 US Junior Closed Championship"]
[Site "Saint Louis"]
[Date "2014.06.21"]
[Round "2.1"]
[White "Ostrovskiy, Aleksandr (USA)"]
[Black "Williams, Justus (USA)"]
[Result "1-0"]
[WhiteElo "2521"]
[BlackElo "2366"]
[PlyCount "83"]
[EventDate "2014.??.??"]

1. e4 c5 2. Nf3 e6 3. d4 cxd4 4. Nxd4 Nc6 5. Nc3 Qc7 6. Be3 a6 7. Qd2 Nf6 8.
O-O-O Be7 9. f3 h5 10. Kb1 b5 11. Nxc6 dxc6 12. Qf2 e5 13. Bb6 Qb7 14. g3 Be6
15. Bg2 a5 16. Bc5 O-O 17. f4 Rfd8 18. Bxe7 Qxe7 19. h3 a4 20. fxe5 Nd7 21. Nd5
Qg5 22. h4 Qh6 23. Ne7+ Kh8 24. Qf4 Bxa2+ 25. Kxa2 Qe6+ 26. Nd5 cxd5 27. exd5
Qxe5 28. Rhe1 Qxf4 29. gxf4 Rac8 30. c3 Rc4 31. Bf1 Rxf4 32. Bxb5 Nf8 33. c4
Rxh4 34. d6 Ne6 35. d7 Kh7 36. Rxe6 fxe6 37. c5 Rb4 38. Bd3+ Kh6 39. c6 Rd4 40.
Be2 Rxd1 41. Bxd1 Kg5 42. Bxa4 1-0

[Event "2014 US Junior Closed Championship"]
[Site "Saint Louis"]
[Date "2014.06.21"]
[Round "2.2"]
[White "Troff, Kayden (USA)"]
[Black "Sevian, Sam (USA)"]
[Result "1-0"]
[WhiteElo "2573"]
[BlackElo "2545"]
[PlyCount "57"]
[EventDate "2014.??.??"]

1. d4 d5 2. c4 e6 3. Nf3 Nf6 4. e3 c6 5. Bd3 Nbd7 6. O-O Bd6 7. Nbd2 O-O 8. e4
dxe4 9. Nxe4 Nxe4 10. Bxe4 h6 11. Bc2 e5 12. Re1 exd4 13. Qxd4 Bc5 14. Qc3 a5
15. a3 Nf6 16. Bf4 Qb6 17. Re2 Nh5 18. Be5 Rd8 19. Rae1 f6 20. Bd4 Bg4 21. Bxc5
Qxc5 22. b4 axb4 23. axb4 Qf8 24. c5 Kh8 25. Nh4 Qf7 26. Ng6+ Kg8 27. Re7 Re8
28. Bb3 Rxe7 29. Nxe7+ 1-0

[Event "2014 US Junior Closed Championship"]
[Site "Saint Louis"]
[Date "2014.06.21"]
[Round "2.3"]
[White "Bodek, Michael (USA)"]
[Black "Shen, Arthur (USA)"]
[Result "*"]
[WhiteElo "2486"]
[BlackElo "2458"]
[PlyCount "88"]
[EventDate "2014.??.??"]

1. e4 c5 2. Nf3 d6 3. d4 cxd4 4. Nxd4 Nf6 5. Nc3 a6 6. h3 e6 7. g4 Nfd7 8. Bg2
Be7 9. g5 Nc6 10. h4 Qb6 11. Nb3 Qc7 12. f4 b5 13. Be3 Nb6 14. Qe2 Rb8 15.
O-O-O Na4 16. Bd2 Nxc3 17. Bxc3 e5 18. g6 hxg6 19. h5 g5 20. fxg5 Bxg5+ 21. Bd2
Be7 22. Kb1 a5 23. c4 a4 24. cxb5 axb3 25. bxc6 Qxc6 26. Rc1 Qa4 27. a3 d5 28.
h6 g6 29. Rxc8+ Rxc8 30. exd5 Qc4 31. Qe3 Qc5 32. Qxb3 O-O 33. Bb4 Qc7 34. Qf3
e4 35. h7+ Kg7 36. Qxe4 Bxb4 37. axb4 Rfe8 38. Qd4+ f6 39. Be4 Qe5 40. Qxe5
Rxe5 41. Bxg6 Rxd5 42. Bc2 Rb5 43. Rh4 Rg5 44. Bd3 f5 *

[Event "2014 US Junior Closed Championship"]
[Site "Saint Louis"]
[Date "2014.06.21"]
[Round "2.4"]
[White "Harmon-Vellotti, Luke (USA)"]
[Black "Larson, Matt (USA)"]
[Result "1-0"]
[WhiteElo "2515"]
[BlackElo "2215"]
[PlyCount "77"]
[EventDate "2014.??.??"]

1. e4 c5 2. Nf3 d6 3. d4 cxd4 4. Nxd4 Nf6 5. Nc3 a6 6. Be3 e5 7. Nb3 Be6 8. f4
exf4 9. Bxf4 Nc6 10. Qe2 Be7 11. h3 Nd7 12. O-O-O Nce5 13. g4 O-O 14. Kb1 Rc8
15. Qe3 Qc7 16. g5 b5 17. Nd4 Nb6 18. h4 b4 19. Nce2 a5 20. Qc1 Nec4 21. Nxe6
fxe6 22. Nd4 e5 23. Ne6 Qb7 24. Nxf8 Bxf8 25. Bg3 Qxe4 26. Bf2 Qc6 27. Bxb6
Nxb6 28. Bh3 Re8 29. Rhf1 d5 30. Qe3 Bc5 31. Qf3 Qc7 32. g6 hxg6 33. Qg4 Qc6
34. h5 gxh5 35. Qxh5 g6 36. Qg5 Kg7 37. Bg2 e4 38. Rh1 Rh8 39. Qe5+ 1-0

[Event "2014 US Junior Closed Championship"]
[Site "Saint Louis"]
[Date "2014.06.21"]
[Round "2.5"]
[White "Xiong, Jeffery (USA)"]
[Black "Colas, Joshua (USA)"]
[Result "1-0"]
[WhiteElo "2513"]
[BlackElo "2426"]
[PlyCount "95"]
[EventDate "2014.??.??"]

1. e4 c5 2. Nf3 e6 3. g3 Nf6 4. Qe2 d5 5. exd5 Nxd5 6. Bg2 Nc6 7. O-O Be7 8.
Rd1 Bf6 9. Nc3 O-O 10. Ne4 Be7 11. d4 cxd4 12. Nxd4 Nxd4 13. Rxd4 Nf4 14. Nf6+
Bxf6 15. Rxf4 Qe7 16. Bd2 a5 17. Ra4 Bd7 18. Rxa5 Rxa5 19. Bxa5 Bxb2 20. Rd1
Ra8 21. Bb4 Qxb4 22. Rxd7 Bf6 23. Rxb7 Qd6 24. Qh5 g6 25. Qf3 Kg7 26. Rxf7+
Kxf7 27. Qxa8 Qd1+ 28. Bf1 Qxc2 29. Qa7+ Be7 30. a4 Qc5 31. Qb7 Qb4 32. Bb5 Kf6
33. Qf3+ Kg7 34. Kg2 Bf6 35. Qc6 Qe1 36. Bc4 e5 37. Bd5 Be7 38. Qc7 Qb4 39.
Qxe5+ Bf6 40. Qe6 Bd4 41. Qf7+ Kh6 42. a5 Qc5 43. a6 Qa7 44. Qf8+ Qg7 45. Qf4+
g5 46. Qf5 Qa7 47. Be4 Qe7 48. Qh3+ 1-0

[Event "2014 US Junior Closed Championship"]
[Site "Saint Louis"]
[Date "2014.06.22"]
[Round "3.1"]
[White "Colas, Joshua (USA)"]
[Black "Ostrovskiy, Aleksandr (USA)"]
[Result "1/2-1/2"]
[WhiteElo "2426"]
[BlackElo "2521"]
[PlyCount "60"]
[EventDate "2014.??.??"]

1. d4 d5 2. Bf4 Nf6 3. e3 c5 4. c3 Nc6 5. Nf3 Qb6 6. Qb3 c4 7. Qc2 Bf5 8. Qc1
h6 9. h3 e6 10. Nbd2 Be7 11. Be2 O-O 12. O-O Rfc8 13. Bd1 Qd8 14. Bc2 Bxc2 15.
Qxc2 Bd6 16. Bxd6 Qxd6 17. e4 dxe4 18. Nxe4 Nxe4 19. Qxe4 Qd5 20. Qxd5 exd5 21.
Rfe1 Re8 22. Rxe8+ Rxe8 23. Re1 Rxe1+ 24. Nxe1 Kf8 25. Kf1 Ke7 26. Ke2 Ke6 27.
Nc2 b5 28. Ke3 g6 29. g3 f6 30. f3 Kd6 {Ke4 Ke5+} 1/2-1/2

[Event "2014 US Junior Closed Championship"]
[Site "Saint Louis"]
[Date "2014.06.22"]
[Round "3.2"]
[White "Larson, Matt (USA)"]
[Black "Xiong, Jeffery (USA)"]
[Result "1/2-1/2"]
[WhiteElo "2215"]
[BlackElo "2513"]
[PlyCount "230"]
[EventDate "2014.??.??"]

1. d4 Nf6 2. c4 g6 3. f3 d5 4. cxd5 Nxd5 5. e4 Nb6 6. Nc3 Bg7 7. Be3 O-O 8. Qd2
Nc6 9. O-O-O Qd6 10. Nb5 Qd7 11. Bh6 Bxh6 12. Qxh6 a6 13. Nc3 Nxd4 14. f4 f6
15. h4 e5 16. Nf3 Qg7 17. Qxg7+ Kxg7 18. Nxd4 exd4 19. Rxd4 Bd7 20. Be2 Bc6 21.
g4 Rae8 22. Rhd1 Re7 23. R1d3 Rfe8 24. Bf3 Nd7 25. Nd5 Nc5 26. Nxe7 Nxd3+ 27.
Rxd3 Rxe7 28. Re3 g5 29. hxg5 fxg5 30. f5 Kf6 31. Kd2 Ke5 32. Be2 Rd7+ 33. Bd3
Bb5 34. Rf3 h5 35. gxh5 g4 36. Re3 Kf4 37. Ke2 Bxd3+ 38. Rxd3 Rh7 39. f6 Rxh5
40. Rd1 Kxe4 41. Rg1 Rh2+ 42. Ke1 Ke5 43. f7 Rh8 44. Rxg4 Rf8 45. Kd2 Rxf7 46.
a4 Rf4 47. Rg7 Kd6 48. b3 Rf3 49. Kc2 b6 50. Kb2 Kc6 51. Rh7 Rd3 52. Rg7 Kd6
53. Rh7 Re3 54. Rg7 Re7 55. Rg5 Ke6 56. Rh5 Kf6 57. Kc3 Re5 58. Rh8 Rc5+ 59.
Kb2 Ke5 60. Rh5+ Ke6 61. Rh6+ Kd5 62. Rh5+ Kc6 63. Rh6+ Kb7 64. Rg6 Rh5 65. Rf6
Kc8 66. Rg6 Kd7 67. Rf6 Ke7 68. Rc6 Rc5 69. Rh6 Rf5 70. Rc6 Kd7 71. Rh6 Re5 72.
Rg6 Re6 73. Rg5 Kc6 74. Rh5 Re2+ 75. Kc3 Re3+ 76. Kb2 Rd3 77. Rg5 Rd5 78. Rg7
Rh5 79. Rf7 Rh4 80. Rf5 b5 81. axb5+ axb5 82. Kc3 Kb6 83. b4 Rh3+ 84. Kb2 Re3
85. Rh5 Kc6 86. Rc5+ Kb6 87. Rh5 Re6 88. Kb3 Re7 89. Rg5 c6 90. Rh5 Kc7 91. Rh6
Re3+ 92. Kb2 Kd7 93. Rg6 Re6 94. Rg5 Kd6 95. Rg3 Ke5 96. Rg5+ Kd4 97. Rc5 Rd6
98. Kb3 Ke4 99. Kb2 Ke3 100. Kb3 Ke2 101. Kb2 Rd2+ 102. Kb3 Rd3+ 103. Kb2 Rd6
104. Kb3 Re6 105. Kb2 Kd2 106. Rc2+ Kd3 107. Rc3+ Kd4 108. Rc5 Rf6 109. Kb3 Kd3
110. Rc3+ Kd2 111. Rc2+ Kd1 112. Rc5 Re6 113. Kb2 Kd2 114. Rc2+ Kd3 115. Rc3+
Kd4 1/2-1/2

[Event "2014 US Junior Closed Championship"]
[Site "Saint Louis"]
[Date "2014.06.22"]
[Round "3.3"]
[White "Shen, Arthur (USA)"]
[Black "Harmon-Vellotti, Luke (USA)"]
[Result "0-1"]
[WhiteElo "2458"]
[BlackElo "2515"]
[PlyCount "96"]
[EventDate "2014.??.??"]

1. e4 e6 2. d4 d5 3. Nd2 Nc6 4. Ngf3 Nf6 5. e5 Nd7 6. Bd3 Nb4 7. Be2 c5 8. c3
Nc6 9. O-O Qb6 10. Nb3 cxd4 11. cxd4 a5 12. a4 Be7 13. Bb5 O-O 14. Re1 Re8 15.
Bf4 Nf8 16. Re3 Bd7 17. Ng5 Bxg5 18. Bxg5 Ne7 19. Bd3 Nf5 20. Rh3 Rac8 21. Nc5
h6 22. Bf6 Rxc5 23. dxc5 Qb4 24. g4 Ne7 25. g5 Neg6 26. Kh1 Qf4 27. Bxg7 Kxg7
28. gxh6+ Kh8 29. Rf3 Qxh6 30. Qe2 Kg7 31. Rg3 Bc6 32. Rag1 Qf4 33. Qh5 Qxf2
34. Bxg6 Nxg6 35. Rxg6+ Kf8 36. R6g2 d4 37. h3 Qf4 38. Re1 Ke7 39. Qg4 Qxg4 40.
hxg4 d3 41. Kg1 Bxg2 42. Kxg2 d2 43. Rd1 Rd8 44. Kf3 Rd5 45. Kf4 Kd7 46. Kg5
Rxe5+ 47. Kf6 Re2 48. Kxf7 Rf2+ 0-1

[Event "2014 US Junior Closed Championship"]
[Site "Saint Louis"]
[Date "2014.06.22"]
[Round "3.4"]
[White "Sevian, Sam (USA)"]
[Black "Bodek, Michael (USA)"]
[Result "1-0"]
[WhiteElo "2545"]
[BlackElo "2486"]
[PlyCount "143"]
[EventDate "2014.??.??"]

1. Nf3 e6 2. g3 g5 3. h3 d5 4. Bg2 Bg7 5. d4 h6 6. Nbd2 Nc6 7. e3 Nge7 8. c4
O-O 9. O-O a5 10. b3 b6 11. Ba3 Ba6 12. h4 g4 13. Ne1 f5 14. Nd3 Qd7 15. Rc1
Rac8 16. Re1 Rfd8 17. Qc2 Bb7 18. Qb1 Ng6 19. h5 Nge7 20. Nf4 Ba8 21. cxd5 Nxd5
22. Ng6 Nce7 23. e4 Nb4 24. Nxe7+ Qxe7 25. exf5 Qg5 26. Bxa8 Qxd2 27. Bxb4 axb4
28. f6 Bxf6 29. Qg6+ Bg7 30. Be4 Rd6 31. Qh7+ Kf8 32. Red1 Qg5 33. Bb7 Rcd8 34.
d5 exd5 35. Rxc7 R6d7 36. Qc2 Bc3 37. Rxd7 Rxd7 38. Bc6 Rd6 39. Bb5 Qxh5 40.
Qe2 Qg6 41. Qe3 Qf7 42. Qe2 h5 43. Qe3 Qe7 44. Qd3 h4 45. Qf5+ Rf6 46. Qxd5
hxg3 47. Qa8+ Kg7 48. Rd7 Qxd7 49. Bxd7 gxf2+ 50. Kf1 g3 51. Qe4 Be1 52. Qe7+
Rf7 53. Qg5+ Kf8 54. Bh3 Rg7 55. Qf6+ Rf7 56. Qd8+ Kg7 57. Qg5+ Kf8 58. Qxg3
Rf6 59. Qb8+ Kf7 60. Qc7+ Kg6 61. Qg3+ Kf7 62. Bg2 Bc3 63. Bd5+ Kf8 64. Qb8+
Kg7 65. Qg8+ Kh6 66. Qg4 Kh7 67. Bf3 Be1 68. Be4+ Kh8 69. Qh4+ Kg7 70. Qg5+ Kf7
71. Bd5+ Ke7 72. Qe5+ 1-0

[Event "2014 US Junior Closed Championship"]
[Site "Saint Louis"]
[Date "2014.06.22"]
[Round "3.5"]
[White "Williams, Justus (USA)"]
[Black "Troff, Kayden (USA)"]
[Result "1/2-1/2"]
[WhiteElo "2366"]
[BlackElo "2573"]
[PlyCount "91"]
[EventDate "2014.??.??"]

1. Nf3 d5 2. g3 c6 3. Bg2 Bg4 4. c4 e6 5. cxd5 Bxf3 6. Bxf3 cxd5 7. O-O Nf6 8.
d3 Nc6 9. Nc3 Be7 10. e4 d4 11. Ne2 Nd7 12. b3 Qa5 13. Bb2 Ba3 14. Bxa3 Qxa3
15. Qd2 O-O 16. Nf4 Qb4 17. Qe2 a5 18. Rab1 Rac8 19. Bg2 Qb5 20. Bh3 Nce5 21.
Rfd1 Rc3 22. Qb2 Rfc8 23. Ne2 Qc6 24. Qa1 Rxd3 25. Nxd4 Qb6 26. Bg2 h6 27. h3
Rd8 28. Ne2 Nf6 29. Nf4 R3d4 30. Rxd4 Qxd4 31. Qxd4 Rxd4 32. Rb2 Rd1+ 33. Kh2
g5 34. Ne2 Nd3 35. Rc2 e5 36. Nc3 Re1 37. Nd5 Kg7 38. Rc3 Nc1 39. Rc2 Nd3 40.
Rc3 Nb4 41. Nxb4 axb4 42. Rc4 Re2 43. Kg1 Re1+ 44. Kh2 Re2 45. Kg1 Re1+ 46. Kh2
1/2-1/2

[Event "2014 US Junior Closed Championship"]
[Site "Saint Louis"]
[Date "2014.06.23"]
[Round "4.1"]
[White "Ostrovskiy, Aleksandr (USA)"]
[Black "Troff, Kayden (USA)"]
[Result "1/2-1/2"]
[WhiteElo "2521"]
[BlackElo "2573"]
[PlyCount "63"]
[EventDate "2014.??.??"]

1. e4 c5 2. Nf3 d6 3. Bb5+ Bd7 4. Bxd7+ Qxd7 5. O-O Nf6 6. Re1 Nc6 7. c3 e6 8.
d4 cxd4 9. cxd4 d5 10. e5 Ne4 11. a3 Be7 12. Nbd2 Nxd2 13. Bxd2 O-O 14. Rc1
Rfc8 15. Rc3 Bd8 16. Rd3 Ne7 17. Nh4 Ng6 18. Nxg6 fxg6 19. Qg4 Be7 20. h4 Rf8
21. Rc1 Rac8 22. Rxc8 Qxc8 23. Rc3 Qd7 24. g3 Bd8 25. Qe2 Bb6 26. Be3 Rc8 27.
Qc2 Rxc3 28. Qxc3 Qc7 29. Qxc7 Bxc7 30. Kf1 Kf7 31. Ke2 Bd8 32. Bd2 1/2-1/2

[Event "2014 US Junior Closed Championship"]
[Site "Saint Louis"]
[Date "2014.06.23"]
[Round "4.2"]
[White "Bodek, Michael (USA)"]
[Black "Williams, Justus (USA)"]
[Result "1/2-1/2"]
[WhiteElo "2486"]
[BlackElo "2366"]
[PlyCount "99"]
[EventDate "2014.??.??"]

1. e4 c5 2. Nf3 d6 3. d4 cxd4 4. Qxd4 Nc6 5. Bb5 Bd7 6. Bxc6 Bxc6 7. Nc3 h6 8.
O-O e5 9. Qd3 Nf6 10. Re1 Be7 11. Nd2 g6 12. Nc4 Kf8 13. a4 Kg7 14. b3 Nxe4 15.
Nxe4 Bxe4 16. Qxe4 d5 17. Qe2 dxc4 18. Bb2 f6 19. Qxc4 Rc8 20. Qe4 Qc7 21. c4
Rhd8 22. h4 h5 23. Re3 Bc5 24. Rg3 Qf7 25. Rd3 Rxd3 26. Qxd3 Bd4 27. Bxd4 Rd8
28. Rd1 Rxd4 29. Qe2 Rxh4 30. Qe3 b6 31. Rd5 g5 32. Rxe5 Qg6 33. Re7+ Kh6 34.
Qd2 Qb1+ 35. Re1 Qxb3 36. Qd8 Rf4 37. Qh8+ Kg6 38. Qg8+ Kh6 39. Qf8+ Kg6 40.
Qe8+ Kh6 41. g3 Rf5 42. Qh8+ Kg6 43. Qg8+ Kh6 44. Qf8+ Kg6 45. Qe8+ Kh6 46. Re3
Qc2 47. Re2 Qc1+ 48. Re1 Qc2 49. Qh8+ Kg6 50. Qg8+ 1/2-1/2

[Event "2014 US Junior Closed Championship"]
[Site "Saint Louis"]
[Date "2014.06.23"]
[Round "4.3"]
[White "Harmon-Vellotti, Luke (USA)"]
[Black "Sevian, Sam (USA)"]
[Result "1-0"]
[WhiteElo "2515"]
[BlackElo "2545"]
[PlyCount "123"]
[EventDate "2014.??.??"]

1. e4 e5 2. Nf3 Nc6 3. Bb5 Nf6 4. O-O Nxe4 5. d4 Nd6 6. dxe5 Nxb5 7. a4 Nbd4 8.
Nxd4 Nxd4 9. Qxd4 d5 10. Nc3 c6 11. Be3 Bf5 12. f4 Qb6 13. Qxb6 axb6 14. Bxb6
Bxc2 15. a5 Bb4 16. Na4 d4 17. Bxd4 Rxa5 18. Bc3 Bxc3 19. Nxc3 Rxa1 20. Rxa1
Kd7 21. Kf2 f6 22. Rc1 Bg6 23. exf6 gxf6 24. g4 h5 25. Rd1+ Ke7 26. Re1+ Kf8
27. g5 Kf7 28. Rd1 Ke6 29. h4 Ra8 30. Ke3 b5 31. Ne4 Bxe4 32. Kxe4 Ra4+ 33. Rd4
f5+ 34. Ke3 Ra2 35. Rd2 c5 36. Rc2 Kd5 37. Rd2+ Ke6 38. Re2 b4 39. Kd3+ Kd5 40.
b3 Ra1 41. Re5+ Kd6 42. Rxf5 Rd1+ 43. Kc4 Rg1 44. Rf6+ Ke7 45. Kxc5 Rg4 46. Kd5
Rxh4 47. Ke5 Rh3 48. Rh6 Rxb3 49. Rxh5 Kf7 50. Rh7+ Kg6 51. Rh6+ Kf7 52. Kf5
Rc3 53. Rh7+ Kg8 54. Rb7 b3 55. Kg6 Rc6+ 56. Kh5 Rc5 57. Rxb3 Kf7 58. Rb7+ Kg8
59. Kh6 Rc8 60. g6 Kh8 61. f5 Rg8 62. Rh7# 1-0

[Event "2014 US Junior Closed Championship"]
[Site "Saint Louis"]
[Date "2014.06.23"]
[Round "4.4"]
[White "Xiong, Jeffery (USA)"]
[Black "Shen, Arthur (USA)"]
[Result "1-0"]
[WhiteElo "2513"]
[BlackElo "2458"]
[PlyCount "81"]
[EventDate "2014.??.??"]

1. e4 c5 2. Nf3 d6 3. Bb5+ Bd7 4. Bxd7+ Nxd7 5. O-O Ngf6 6. Qe2 Rc8 7. c3 e6 8.
d4 cxd4 9. cxd4 d5 10. e5 Ng8 11. Nc3 a6 12. Ng5 Be7 13. h4 h6 14. Nxe6 fxe6
15. Qh5+ Kf8 16. Qf3+ Ke8 17. Qh5+ Kf8 18. Ne2 Qe8 19. Qg4 Kf7 20. Nf4 Nf8 21.
Nh5 Bf6 22. Re1 Ng6 23. Re3 Bxh4 24. Rf3+ Bf6 25. Bd2 Rh7 26. Re1 Rc4 27. exf6
Nxf6 28. Nxf6 gxf6 29. Rg3 Rg7 30. Bxh6 Rg8 31. Rf3 Nf8 32. Qh5+ Ke7 33. Bxf8+
Rxf8 34. Rxe6+ Kxe6 35. Re3+ Kd7 36. Qxd5+ Kc7 37. Qxc4+ Qc6 38. Re7+ Kb8 39.
Qxc6 bxc6 40. Kf1 Rd8 41. Re6 1-0

[Event "2014 US Junior Closed Championship"]
[Site "Saint Louis"]
[Date "2014.06.23"]
[Round "4.5"]
[White "Colas, Joshua (USA)"]
[Black "Larson, Matt (USA)"]
[Result "1/2-1/2"]
[WhiteElo "2426"]
[BlackElo "2215"]
[PlyCount "75"]
[EventDate "2014.??.??"]

1. d4 d5 2. c4 c6 3. Nf3 Nf6 4. Nbd2 g6 5. e3 Bg7 6. Be2 Bg4 7. O-O O-O 8. h3
Bxf3 9. Bxf3 e6 10. b4 Nbd7 11. Bb2 Re8 12. Qb3 a5 13. bxa5 Qxa5 14. Bc3 dxc4
15. Nxc4 Qa7 16. Rfb1 Nd5 17. Bd2 Reb8 18. Rc1 Qa4 19. Qd3 N5b6 20. Nxb6 Nxb6
21. Be2 e5 22. Qb1 Nd5 23. Rc4 Qa7 24. e4 b5 25. Rxc6 Qxd4 26. Rc2 Rc8 27. Rb2
Ra3 28. Be1 Nc3 29. Bxc3 Raxc3 30. Rxb5 Rc2 31. Rb8 Rxb8 32. Qxb8+ Bf8 33. Rd1
Qc5 34. Rd5 Qc3 35. Rd8 Qc5 36. Rd5 Qc3 37. Rd8 Qc5 38. Rd5 1/2-1/2

[Event "2014 US Junior Closed Championship"]
[Site "Saint Louis"]
[Date "2014.06.24"]
[Round "5.1"]
[White "Larson, Matt (USA)"]
[Black "Ostrovskiy, Aleksandr (USA)"]
[Result "1-0"]
[WhiteElo "2215"]
[BlackElo "2521"]
[PlyCount "65"]
[EventDate "2014.??.??"]

1. d4 d5 2. c4 c6 3. Nf3 Nf6 4. Qc2 dxc4 5. e4 b5 6. b3 cxb3 7. axb3 e6 8. Bd2
a5 9. Bd3 h6 10. O-O Bb7 11. Nc3 Be7 12. e5 Nfd7 13. Be2 Na6 14. Qe4 b4 15. Nd1
Nc7 16. Qg4 Kf8 17. Ne3 g6 18. Bd3 Kg7 19. Nc4 Nd5 20. h4 c5 21. h5 g5 22. Nh2
cxd4 23. f4 Nc5 24. fxg5 Bxg5 25. Nd6 Rf8 26. Nxb7 Nxb7 27. Qe4 Rh8 28. Rxf7+
Kxf7 29. Qg6+ Kf8 30. Rf1+ Bf6 31. exf6 Qc7 32. Bxh6+ Rxh6 33. Qxh6+ 1-0

[Event "2014 US Junior Closed Championship"]
[Site "Saint Louis"]
[Date "2014.06.24"]
[Round "5.2"]
[White "Shen, Arthur (USA)"]
[Black "Colas, Joshua (USA)"]
[Result "1-0"]
[WhiteElo "2458"]
[BlackElo "2426"]
[PlyCount "41"]
[EventDate "2014.??.??"]

1. e4 c5 2. Nf3 e6 3. d4 cxd4 4. Nxd4 a6 5. Nc3 b5 6. Bd3 Qb6 7. Nf3 Qc7 8. O-O
Nc6 9. Re1 d6 10. Bf4 b4 11. Nd5 exd5 12. exd5+ Nce7 13. c4 bxc3 14. Rc1 Nf6
15. Rxc3 Qb7 16. Bc4 Bg4 17. Bxd6 Rd8 18. Qa4+ Qd7 19. Qxa6 Qf5 20. Bb5+ Nd7
21. Bxe7 1-0

[Event "2014 US Junior Closed Championship"]
[Site "Saint Louis"]
[Date "2014.06.24"]
[Round "5.3"]
[White "Sevian, Sam (USA)"]
[Black "Xiong, Jeffery (USA)"]
[Result "1-0"]
[WhiteElo "2545"]
[BlackElo "2513"]
[PlyCount "81"]
[EventDate "2014.??.??"]

1. e4 c5 2. Nf3 d6 3. c3 Nf6 4. h3 Nbd7 5. Bd3 b6 6. O-O Bb7 7. Re1 Rc8 8. Bc2
Qc7 9. d3 g6 10. a4 Bg7 11. Na3 a6 12. d4 cxd4 13. cxd4 e5 14. d5 O-O 15. Bd2
Nh5 16. g3 Qd8 17. Nh2 Qe8 18. Bb4 Qe7 19. Ng4 Rc7 20. b3 Nhf6 21. Nxf6+ Qxf6
22. Nc4 Rfc8 23. Bd3 a5 24. Ba3 Ba6 25. Nxb6 Bxd3 26. Nxd7 Qd8 27. Qxd3 Qxd7
28. Rac1 Bh6 29. Rxc7 Qxc7 30. Kg2 Kf8 31. Qa6 Rd8 32. Qc4 Qb8 33. Re2 Ke8 34.
Rc2 Rd7 35. Qd3 Rb7 36. Rc3 Bf8 37. Qa6 f5 38. Rc6 Kd7 39. Bxd6 Bxd6 40. Rxd6+
Ke7 41. Rf6 1-0

[Event "2014 US Junior Closed Championship"]
[Site "Saint Louis"]
[Date "2014.06.24"]
[Round "5.4"]
[White "Williams, Justus (USA)"]
[Black "Harmon-Vellotti, Luke (USA)"]
[Result "1/2-1/2"]
[WhiteElo "2366"]
[BlackElo "2515"]
[PlyCount "105"]
[EventDate "2014.??.??"]

1. d4 Nf6 2. c4 e6 3. Nf3 b6 4. g3 Bb7 5. Bg2 Be7 6. O-O O-O 7. Re1 c5 8. d5
exd5 9. Nh4 Ne4 10. cxd5 Bxh4 11. Bxe4 Bf6 12. Nc3 d6 13. Qc2 h6 14. Bf4 a6 15.
a4 Re8 16. Bg2 Qc7 17. Ne4 Be7 18. Red1 Nd7 19. b4 Nf6 20. bxc5 Nxe4 21. Bxe4
bxc5 22. Rab1 Rab8 23. Qc4 Bf6 24. Bc2 Bc8 25. Rxb8 Qxb8 26. Qd3 g6 27. Bxh6
Bg4 28. f3 Bh3 29. Rb1 Qa7 30. Qc4 Bd4+ 31. e3 Bxe3+ 32. Bxe3 Rxe3 33. Kf2 Qe7
34. Rb8+ Kg7 35. Bd3 Bf5 36. Bxf5 gxf5 37. Rb2 Qe5 38. Rc2 Ra3 39. Kg2 Qe3 40.
Rf2 a5 41. Qh4 Rd3 42. Qd8 Rxd5 43. Qxa5 Rd1 44. Qc7 Qc1 45. Qd8 Rg1+ 46. Kh3
Qh6+ 47. Qh4 Qxh4+ 48. gxh4 Ra1 49. Rg2+ Kh6 50. Rd2 Rxa4 51. Rxd6+ Kh5 52. Rd5
Rxh4+ 53. Kg3 1/2-1/2